Statistics for Carolina Panthers Leaders by Year

Click here to take the quiz!

General Stats

  • This quiz has been taken 1,214 times
    (348 since last reset)
  • The average score is 14 of 36

Answer Stats

YearPlayer% Correct
2011, 2012 (x2), 2013, 2014, 2015, 2016, 2017 (x2), 2018Cam Newton
100%
2021, 2022Sam Darnold
89%
2018 (x2), 2019Christian McCaffrey
85%
2019, 2020, 2021, 2022D.J. Moore
82%
2002, 2003, 2005, 2006, 2007, 2008, 2009, 2010, 2011, 2012Steve Smith
82%
1995Derrick Moore
75%
2002Lamar Smith
75%
2020Teddy Bridgewater
67%
2009, 2010, 2014, 2015, 2016Jonathan Stewart
65%
2003, 2004, 2005, 2006, 2008, 2009Jake Delhomme
63%
2021Chuba Hubbard
59%
2019Kyle Allen
57%
2013, 2015, 2016Greg Olsen
55%
2022D'Onta Foreman
51%
2008, 2011, 2013DeAngelo Williams
49%
2014Kelvin Benjamin
42%
1999, 2000, 2004Muhsin Muhammad
36%
2020Mike Davis
33%
1995, 1996, 1997Kerry Collins
31%
2003Stephen Davis
31%
2017Devin Funchess
27%
1996Anthony Johnson
25%
2010Jimmy Clausen
25%
1998, 1999, 2000Steve Beuerlein
25%
2007Vinny Testaverde
20%
2001Chris Weinke
13%
2005, 2006, 2007DeShaun Foster
12%
2002Rodney Peete
10%
1999, 2000Tim Biakabutuka
9%
1997Wesley Walls
8%
1995, 1996Mark Carrier
4%
1997, 1998Fred Lane
3%
1998Rocket Ismail
3%
2004Nick Goings
2%
2001Donald Hayes
1%
2001Richard Huntley
1%

Score Distribution

Percentile by Number Answered

Percent of People with Each Score

Your Score History

You have not taken this quiz since the last reset